000 00683nam a2200229 i 4500
003 DO-SdBNP
005 20260321073645.0
007 ta
008 110413s198- dr 000 0 spa d
040 _aDO-SdBNP
_bspa
_cBNPHU
_erda
082 _bB742
_222
100 1 _a Bosch, Juan,
_d1909-2001
_976555
245 1 0 _aTrujillo :
_bcausas de una dictadura sin ejemplo /
_cJuan Bosch
264 1 _aLima, Perú :
_bPopulibros peruanos,
_c[198-].
300 _a166 páginas
_c17 cm.
336 _2rdacontent
_atexto
_btxt
337 _2rdamedia
_asin mediación
_bn
338 _2rdacarrier
_avolumen
_bnc
590 _aInventariado, 2023/ YL
910 _aYLockward
942 _2ddc
_cLBS1
999 _c55049
_d55049